Подробности
| 000 -МАРКЕР |
| контрольное поле |
02982nam0a2200385 4500 |
| 001 - ИДЕНТИФИКАТОР ЗАПИСИ |
| контрольное поле |
RU\NLR\bibl\7548 |
| 005 - ИДЕНТИФИКАТОР ВЕРСИИ |
| контрольное поле |
20250615010154.0 |
| 010 ## - МЕЖДУНАРОДНЫЙ СТАНДАРТНЫЙ НОМЕР КНИГИ (ISBN) |
| Номер (ISBN) |
5-88901-012-3 |
| Тираж |
6000 |
| 021 ## - НОМЕР ГОСУДАРСТВЕННОЙ РЕГИСТРАЦИИ |
| Код страны |
Российская Федерация |
| Номер |
98-8885 |
| Номер Листа государственной регистраци |
419 |
| 035 ## - ДРУГИЕ СИСТЕМНЫЕ НОМЕРА |
| Идентификатор записи |
(NLR Aleph) 000007363 |
| 100 ## - ДАННЫЕ ОБЩЕЙ ОБРАБОТКИ |
| Данные общей обработки |
19981112d1998 |||y0rusy50 ca |
| 101 1# - ЯЗЫК РЕСУРСА |
| Язык текста, звукозаписи и т.д. |
русский |
| Язык оригинала |
английский |
| -- |
французский |
| 102 ## - СТРАНА ПУБЛИКАЦИИ ИЛИ ПРОИЗВОДСТВА |
| Страна публикации |
Российская Федерация |
| 105 ## - ПОЛЕ КОДИРОВАННЫХ ДАННЫХ: ТЕКСТОВЫЕ МАТЕРИАЛЫ, МОНОГРАФИЧЕСКИЕ |
| Кодированные данные о монографическом текстовом документе |
a ||||||||| |
| 200 1# - ЗАГЛАВИЕ И СВЕДЕНИЯ ОБ ОТВЕТСТВЕННОСТИ |
| Основное заглавие |
Святейшая Тринософия |
| Сведения, относящиеся к заглавию |
[Сб.] |
| Первые сведения об ответственности |
[Сост.: В.В.Вергун |
| Последующие сведения об ответственности |
Отв. ред.: О.А.Володарская |
| -- |
Пер. с англ.: И.С.Канышева |
| -- |
Пер. с фр.: И.С.Канышева, Мишель Дебренн |
| -- |
Вступ. ст.: О.А.Володарская] |
| 210 ## - ПУБЛИКАЦИЯ, РАСПРОСТРАНЕНИЕ И ДР. |
| Место издания, распространения и т.д. |
М. |
| Имя издателя, распространителя и т. д. |
Центр твор. исслед. "Беловодье" |
| -- |
Фонд "Дельфис" |
| Дата издания, распространения и т.д. |
1998 |
| 215 ## - ФИЗИЧЕСКАЯ ХАРАКТЕРИСТИКА |
| Специфическое обозначение материала и объем |
600 с. |
| Другие сведения о физической характеристике |
ил., портр., цв. портр., факс. |
| Размеры |
22 |
| 225 1# - СЕРИЯ |
| Основное заглавие серии |
Учитель Ракоци. Сен-Жермен и Калиостро |
| Обозначение тома |
Кн. 1 |
| 300 ## - ОБЩИЕ ПРИМЕЧАНИЯ |
| Текст примечания |
На обл. загл. сер.: Сен-Жермен и Калиостро |
| 320 ## - ПРИМЕЧАНИЯ О НАЛИЧИИ В ДОКУМЕНТЕ БИБЛИОГРАФИИ / УКАЗАТЕЛЯ |
| Текст примечания |
Библиогр. в подстроч. примеч. |
| 327 1# - ПРИМЕЧАНИЯ О СОДЕРЖАНИИ |
| Текст примечания |
Содерж.: Граф Сен-Жермен / Поль Шакорнак. "Святейшая Тринософия" графа Сен-Жермена / Мэнли Палмер Холл. Тайны и мистерии оккультизма: Сен-Жермен и Калиостро / Патрик Ривьер. Вслед за таинственным графом / Ольга Володарская |
| 464 #0 - АНАЛИТИЧЕСКИЙ УРОВЕНЬ |
| Встроенное поле |
2001#$aГраф Сен-Жермен |
| -- |
700#1$aШакорнак$bП.$gПоль$4070 |
| Заглавие |
Граф Сен-Жермен |
| Автор |
Шакорнак, Поль |
| 464 #0 - АНАЛИТИЧЕСКИЙ УРОВЕНЬ |
| Встроенное поле |
2001#$a"Святейшая Тринософия" графа Сен-Жермен |
| -- |
700#1$aХолл$bМ.П.$gМэнли Палмер$4070 |
| Заглавие |
"Святейшая Тринософия" графа Сен-Жермен |
| Автор |
Холл, Мэнли Палмер |
| 464 #0 - АНАЛИТИЧЕСКИЙ УРОВЕНЬ |
| Встроенное поле |
2001#$aТайны и мистерии оккультизма: Сен-Жермен и Калиостро |
| -- |
700#1$aРивьер$bП.$gПатрик$4070 |
| Заглавие |
Тайны и мистерии оккультизма: Сен-Жермен и Калиостро |
| Автор |
Ривьер, Патрик |
| 464 #0 - АНАЛИТИЧЕСКИЙ УРОВЕНЬ |
| Встроенное поле |
2001#$aВслед за таинственным графом |
| -- |
700#1$aВолодарская$bО. А.$f1962-$cлингвист, литератор$gОльга Анатольевна$3RU\NLR\AUTH\770194930$4070 |
| Заглавие |
Вслед за таинственным графом |
| Автор |
Володарская, Ольга Анатольевна (лингвист, литератор ; 1962-) |
| 600 #1 - ИМЯ ЛИЦА КАК ПРЕДМЕТ |
| Начальный элемент ввода |
Сен-Жермен |
| Даты |
- 1795 |
| Системный номер авторитетной/нормативной записи |
1579507 |
| Идентификатор авторитетной/нормативной записи |
RU\NLR\auth\66992270 |
| 605 ## - ЗАГЛАВИЕ КАК ПРЕДМЕТ |
| Начальный элемент ввода |
"Святейшая Тринософия" |
| Системный номер авторитетной/нормативной записи |
2079335 |
| Идентификатор авторитетной/нормативной записи |
RU\NLR\auth\661255212 |
| 686 ## - ИНДЕКСЫ ДРУГИХ КЛАССИФИКАЦИЙ |
| Индекс |
Т3(4Фр)432-8 |
| 801 #0 - ИСТОЧНИК ЗАПИСИ |
| Страна |
Российская Федерация |
| Организация |
NLR |
| Дата составления |
19981112 |
| Правила каталогизации |
PSBO |
| 801 #1 - ИСТОЧНИК ЗАПИСИ |
| Страна |
Российская Федерация |
| Организация |
NLR |
| Дата составления |
19981112 |
| 852 ## - МЕСТОНАХОЖДЕНИЕ И ШИФР ХРАНЕНИЯ |
| Идентификатор организации |
NLR |
| Шифр хранения (Call Number) |
98-5/1238 |
| 942 ## - ДОПОЛНИТЕЛЬНЫЕ ЭЛЕМЕНТЫ ЗАПИСИ (АБИС) |
| Тип экземпляра АБИС |
Книга |
| 980 ## - КОЛЛЕКЦИЯ |
| Название коллекции |
Национальная библиография |